LEADER 01101nam--2200373---450- 001 990003393620203316 005 20100503122255.0 010 $a978-88-11-60097-8 035 $a000339362 035 $aUSA01000339362 035 $a(ALEPH)000339362USA01 035 $a000339362 100 $a20100503d2009----km-y0itay50------ba 101 $aita 102 $aIT 105 $a||||||||001yy 200 1 $aEconomisti per caso$ee altri dispacci dalla scienza triste$fPaul Krugman 210 $aMilano$cGarzanti$d2009 215 $a178 p.$d20 cm 454 0$1<> accidental theorist 606 0 $aEconomia$xSaggi$2BNCF 676 $a330.90511 700 1$aKRUGMAN,$bPaul$0118463 801 0$aIT$bsalbc$gISBD 912 $a990003393620203316 951 $a330.905 KRU 1$b18881 E.C$c330.905$d00257509 959 $aBK 969 $aECO 979 $aCHIARA$b90$c20100503$lUSA01$h1217 979 $aCHIARA$b90$c20100503$lUSA01$h1221 979 $aCHIARA$b90$c20100503$lUSA01$h1222 979 $aCHIARA$b90$c20100503$lUSA01$h1222 996 $aEconomisti per caso$91127025 997 $aUNISA LEADER 01219nam2 2200301 i 450 001 SUN0030045 005 20180713111258.36 010 $a978-02-01-03809-5$d0.00 100 $a20041210d1973 |0engc50 ba 101 $aeng 102 $aUS 105 $a|||| ||||| 200 1 $aˆ1: ‰Fundamental algorithms$fDonald E. Knuth 205 $a2. ed 210 $aReading$cAddison-Wesley$d1973 215 $aXXI, 634 p.$d22 cm. 461 1$1001SUN0024828$12001 $aˆThe ‰art of computer programming$fDonald E. Knuth$v1$1210 $aReading$cAddison-Wesley$1215 $av.$d22-25 cm. 606 $a68Wxx$xAlgorithms in computer science [MSC 2020]$2MF$3SUNC021296 620 $aUS$dReading$3SUNL000022 700 1$aKnuth$b, Donald E.$3SUNV020877$048274 712 $aAddison Wesley$3SUNV000076$4650 790 1$aKnuth, Donald Ervin$zKnuth, Donald E.$3SUNV089714 790 1$aKnuth, D. E.$zKnuth, Donald E.$3SUNV089715 801 $aIT$bSOL$c20201026$gRICA 912 $aSUN0030045 950 $aUFFICIO DI BIBLIOTECA DEL DIPARTIMENTO DI MATEMATICA E FISICA$d08PREST 68-XX 2236 $e08 939 I 20041210 996 $aFundamental algorithms$9122630 997 $aUNICAMPANIA LEADER 02757nam 22006853u 450 001 9910458563903321 005 20210107003020.0 010 $a1-61503-258-4 035 $a(CKB)2560000000051124 035 $a(EBL)3002433 035 $a(SSID)ssj0000674722 035 $a(PQKBManifestationID)11449541 035 $a(PQKBTitleCode)TC0000674722 035 $a(PQKBWorkID)10662345 035 $a(PQKB)11777253 035 $a(MiAaPQ)EBC3002433 035 $a(EXLCZ)992560000000051124 100 $a20151005d2003|||| u|| | 101 0 $aeng 135 $aur|n|---||||| 181 $ctxt 182 $cc 183 $acr 200 10$aThermal Spray 2003$b[electronic resource] $eAdvancing the Science and Applying the Technology 210 $aMaterials Park $cA S M International$d2003 215 $a1 online resource (1668 p.) 300 $aDescription based upon print version of record. 311 $a9780871707853 327 $a""Preface""; ""Editorial Committee (Reviewers) for ITSC 2003 Proceedings""; ""ITSC 2003 Organizing Committee""; ""Contents""; ""Volume 1 ""; ""Cold Spray""; ""Applications""; ""Corrosion & Wear Protective Coatings""; ""Equipment and Processes""; ""Feedstocks and Novel Materials""; ""HVOF""; ""Volume 2 ""; ""Science and Applications of Thermal Spray""; ""Sensors & Controls""; ""Testing and Characterization""; ""Thermal & Environmental Barrier Coatings""; ""Thermal Spraying of Polymers""; ""Title Index""; ""Author Index""; ""Company Index""; ""Key Word Index"" 606 $aElectronic books. -- local 606 $aMetal spraying -- Congresses 606 $aPlasma spraying -- Congresses 606 $aMetal spraying$vCongresses 606 $aPlasma spraying$vCongresses 606 $aMechanical Engineering$2HILCC 606 $aEngineering & Applied Sciences$2HILCC 606 $aIndustrial & Management Engineering$2HILCC 608 $aElectronic books. 615 4$aElectronic books. -- local. 615 4$aMetal spraying -- Congresses. 615 4$aPlasma spraying -- Congresses. 615 0$aMetal spraying 615 0$aPlasma spraying 615 7$aMechanical Engineering 615 7$aEngineering & Applied Sciences 615 7$aIndustrial & Management Engineering 676 $a671.7/34 700 $aMoreau$b C$0925080 701 $aMarple$b B$0925081 712 02$aInternational Institute of Welding 712 02$aDeutscher Verband fèur Schweisstechnik 712 02$aASM International Thermal Spray Society 712 12$aInternational Thermal Spray Conference 801 0$bAU-PeEL 801 1$bAU-PeEL 801 2$bAU-PeEL 906 $aBOOK 912 $a9910458563903321 996 $aThermal Spray 2003$92076245 997 $aUNINA